Macroeconomics : (Record no. 9992)
[ view plain ]
| 000 -LEADER | |
|---|---|
| fixed length control field | 00535cam a2200205ua 4500 |
| 001 - CONTROL NUMBER | |
| control field | 11139 |
| 005 - DATE AND TIME OF LATEST TRANSACTION | |
| control field | 20260515114717.0 |
| 008 - FIXED-LENGTH DATA ELEMENTS--GENERAL INFORMATION | |
| fixed length control field | 190829n ii |||gr||||Z||||||eng |
| 020 ## - INTERNATIONAL STANDARD BOOK NUMBER | |
| International Standard Book Number | 9789332518322 |
| 040 ## - CATALOGING SOURCE | |
| Transcribing agency | MAIN |
| 041 ## - LANGUAGE CODE | |
| Language code of text/sound track or separate title | eng |
| 082 ## - DEWEY DECIMAL CLASSIFICATION NUMBER | |
| Classification number | 339.01 |
| 100 ## - MAIN ENTRY--PERSONAL NAME | |
| Personal name | Richard T Froyen, |
| Relator term | Author. |
| 245 ## - TITLE STATEMENT | |
| Title | Macroeconomics : |
| Remainder of title | Theories and policies / |
| Statement of responsibility, etc. | By Richard T Froyen . |
| 250 ## - EDITION STATEMENT | |
| Edition statement | 12th imp. |
| 260 ## - PUBLICATION, DISTRIBUTION, ETC. | |
| Place of publication, distribution, etc. | Uttar Pradesh: |
| Name of publisher, distributor, etc. | Pearson, |
| Date of publication, distribution, etc. | 2018. |
| 300 ## - PHYSICAL DESCRIPTION | |
| Extent | 385p. |
| 653 ## - INDEX TERM--UNCONTROLLED | |
| Uncontrolled term | Macroeconomics & related topics |
| 942 ## - ADDED ENTRY ELEMENTS (KOHA) | |
| Koha item type | Books |
| Withdrawn status | Lost status | Damaged status | Not for loan | Home library | Current library | Shelving location | Date acquired | Total checkouts | Full call number | Barcode | Date last seen | Copy number | Price effective from | Koha item type | Date last checked out |
|---|---|---|---|---|---|---|---|---|---|---|---|---|---|---|---|
| Naharkatiya College Library | Naharkatiya College Library | General stacks | 09/19/2020 | 339.01oFRO | 27444 | 09/19/2020 | 1 | 09/19/2020 | Books | ||||||
| Naharkatiya College Library | Naharkatiya College Library | General stacks | 09/19/2020 | 1 | 339.01oFRO | 27445 | 07/14/2022 | 2 | 09/19/2020 | Books | 07/07/2022 |